01985cam a22004457a 4500003000500000005001700005008004100022010001000063011001000073035001000083040000900093090001000102100003400112245010500146260004000251300001700291502008800308590003700396590004100433590004100474590004100515590004100556590004100597590004200638650006200680650005500742650005100797650006500848650003700913650004300950901000700993942001001000949003701010949004201047949004201089999001701131952012701148952013201275952013201407CHAP20220329141803.0971013s1969 r 00010 d a73811 a74783 a84342 cCHAP aTesis00aBarrera Islas, Daniel.910394 0aAnálisis económico del uso del agua y la mano de obra en el sector ejidal de la Comarca Lagunera achapingo, Méx. :bEl autor,c1969 a70 h. anexos aTesis (M. C. en Ciencias en Economía Agrícola) -- ENA. Colegio de Postgraduados aALEPHb10c20130110lUCH01h1417 aBATCH-UPDb10c20130109lUCH01h2328 aBATCH-UPDb10c20130110lUCH01h0724 aBATCH-UPDb10c20130410lUCH01h0408 aBATCH-UPDb10c20130913lUCH01h2123 aBATCH-UPDb10c20130914lUCH01h1253 aCONVERSIONb10c20130109lUCH01h134014aAgriculturaxAspectos economicosxComarca Lagunera.9123314aAgriculturaxTrabajadoresxComarca Lagunera.9185214aAguaxAprovechamientozComarca Lagunera.9230914aComarca LaguneraxAgriculturaxAspectos económicos.92552114aEjidosxComarca Lagunera.93601214aIrrigaciónxComarca Lagunera.960389 aBK cLIBRO bBCcTESd-39619eLIBROi84342si bBCcTESd-39620eLIBROfc.2i84342si bBCcTESd-39621eLIBROfc.3i84342si c73811d73811 00102local4051708TESISaBCbBCcPA_TESISd2012-12-17fTESISl0oTesisp-39619r2019-12-31 00:00:00w2012-12-17yTESIS 00102local4053708TESISaBCbBCcPA_TESISd2012-12-17fTESISl0oTesisp-39620r2019-12-31 00:00:00tc.2w2019-12-31yTESIS 00102local4053708TESISaBCbBCcPA_TESISd2012-12-17fTESISl0oTesisp-39621r2019-12-31 00:00:00tc.3w2019-12-31yTESIS